Congress misrule and the Swatantra alternative, (Record no. 74879)

MARC details
000 -LEADER
fixed length control field 00668cam a22002291 4500
001 - CONTROL NUMBER
control field sa 67004989
003 - CONTROL NUMBER IDENTIFIER
control field DLC
005 - DATE AND TIME OF LATEST TRANSACTION
control field 20260227112352.0
008 - FIXED-LENGTH DATA ELEMENTS--GENERAL INFORMATION
fixed length control field 770610s1966 ii 000 0 eng
010 ## - LIBRARY OF CONGRESS CONTROL NUMBER
LC control number sa 67004989
020 ## - INTERNATIONAL STANDARD BOOK NUMBER
International Standard Book Number 329.9/54
035 ## - SYSTEM CONTROL NUMBER
System control number (OCoLC)3031291
040 ## - CATALOGING SOURCE
Original cataloging agency DLC
Transcribing agency NBuU
Modifying agency DLC
042 ## - AUTHENTICATION CODE
Authentication code premarc
050 00 - LIBRARY OF CONGRESS CALL NUMBER
Classification number JQ298.S9
Item number M3
100 1# - MAIN ENTRY--PERSONAL NAME
Personal name Masani, Minocheher Rustom,
Dates associated with a name 1905-
245 10 - TITLE STATEMENT
Title Congress misrule and the Swatantra alternative,
Statement of responsibility, etc. by M. R. Masani. Foreword by C. Rajagopalachari.
260 ## - PUBLICATION, DISTRIBUTION, ETC.
Place of publication, distribution, etc. Bombay,
Name of publisher, distributor, etc. Manaktalas,
Date of publication, distribution, etc. [1966]
300 ## - PHYSICAL DESCRIPTION
Extent xvi, 196 p.
Dimensions 22 cm.
610 20 - SUBJECT ADDED ENTRY--CORPORATE NAME
Corporate name or jurisdiction name as entry element Swatantra Party.
610 20 - SUBJECT ADDED ENTRY--CORPORATE NAME
Corporate name or jurisdiction name as entry element Indian National Congress.

No items available.

Powered by Koha